Normal view
MARC view
Entry Personal Name
001 - CONTROL NUMBER
- control field: 12391
003 - CONTROL NUMBER IDENTIFIER
- control field: BD-RjUL
005 - DATE AND TIME OF LATEST TRANSACTION
- control field: 20240318130429.0
008 - FIXED-LENGTH DATA ELEMENTS
- fixed length control field: 240318|| aca||aabn | a|a d
040 ## - CATALOGING SOURCE
- Original cataloging agency: BD-RjUL
- Transcribing agency: BD-RjUL
100 ## - HEADING--PERSONAL NAME
- Personal name: Abedin, Samad, Co-Supervisor
670 ## - SOURCE DATA FOUND
- Source citation: Work cat.: (BD-RjUL)83383: Ray, Tapash Kumar 12389, Demographic Implications of Drop-Out Parttern at the Peimary Level of Education in a Rural Area of Bangladesh /, 2007